000 00642nam a22002057a 4500
005 20251108164355.0
008 250721s1997 xx 000 0 ara d
082 1 4 _a412/عبد
100 1 _aعبد الجليل، عبد القادر
245 1 0 _aاللغة بين ثنائية التوقيف و المواضعة /
246 1 1 _aDuality of language between ...
264 1 _aعمان :
_bدار صفاء،
_c1997.
300 _a101ص
490 0 _aالدراسات اللغوية ؛ 1
650 1 7 _aعلم الدلالة
650 1 7 _aالصوتيات
650 1 7 _aاللغة العربية
942 _2ddc
_cBK
999 _c10571
_d10571